000 00560nam a2200205Ia 4500
005 20250508165312.0
008 008 250505s9999 xx 000 0 eng d
020 _a978-93-82400-05-9
037 _aTextual
040 _aFEDL
_beng
_cFEDL
041 _aeng
_2eng
084 _a630, BER
_qFEDL
100 _aBerry Wendell
_9780446
245 0 _aBringing it to the table: On farming and food
260 _aIndore India
_bBanyan Tree
_c2009
300 _a221p.
365 _aINR
_b400
942 _cTEXL
_h630, BER
999 _c1394303
_d1394303